Facts & documents on the treatment of prisoners of war : Yom Kippur war, Syrian front.

Bibliographic Details
Corporate Author: Israel. Miśrad ha-biṭaḥon
Format: Book
Language:English
Published: [Jerusalem?] : Ministry of Defence, Israel, [1977]
Subjects:

MARC

Tag First Indicator Second Indicator Subfields
LEADER 00000cam a2200000 a 4500
001 in00000075066
005 20151008060259.0
008 791010s1977 is f00000 engm
010 |a  79107223  
035 |a (OCoLC)05679048 
035 |9 AAJ5465AM 
040 |a DLC  |c DLC  |d TXA  |d UtOrBLW 
043 |a a-is---  |a a-sy---  |a ma----- 
049 |a TXAM  |c [1805051] 
050 0 0 |a DS128.152  |b .F32 
082 0 |a 956/.048 
245 0 0 |a Facts & documents on the treatment of prisoners of war :  |b Yom Kippur war, Syrian front. 
264 1 |a [Jerusalem?] :  |b Ministry of Defence, Israel,  |c [1977] 
264 4 |c ©1977 
300 |a 327 pages ;  |c 24 cm. 
336 |a text  |b txt  |2 rdacontent 
337 |a unmediated  |b n  |2 rdamedia 
338 |a volume  |b nc  |2 rdacarrier 
650 0 |a Israel-Arab War, 1973  |x Prisoners and prisons, Syrian. 
650 0 |a Israel-Arab War, 1973  |x Prisoners and prisons, Israeli. 
710 1 |a Israel.  |b Miśrad ha-biṭaḥon. 
999 |a MARS 
999 f f |s 277f4df5-23f2-3ab9-ba2c-a529e96aeebb  |i 2b76da51-5407-3b27-8b2c-a6ff6edec76e  |t 0 
952 f f |p ric  |a Texas A&M University  |b Rellis Campus  |c Joint Library Facility  |d Remote Storage  |t 0  |e DS128.152 .F32  |h Library of Congress classification  |i unmediated -- volume  |m A14806100774 
998 f f |a DS128.152 .F32  |t 0  |l Remote Storage